Kế thừa hay chuyển giao Sự sống của doanh nghiệp gia đình

Na minha lista:
Detalhes bibliográficos
Autor principal: Crosbie, Alan
Outros Autores: Đào Hương Lan ((Dịch))
Formato: Livro
Idioma:Vietnamese
Publicado em: Hà Nội Lao động; Công ty Sách Bách Việt 2017
Assuntos:
Tags: Adicionar Tag
Sem tags, seja o primeiro a adicionar uma tag!
Thư viện lưu trữ: Trung tâm Học liệu Lê Vũ Hùng, Trường Đại học Đồng Tháp
LEADER 00868nam a22002418a 4500
001 00042808
005 20181029161032.0
008 171101s2017####-vm#################vie|d
020 # # |c 75000  |a 978 604 59 7733 0 
041 0 # |a Vie 
082 # # |a 658.041 2  |b K250TH 
100 1 # |a Crosbie, Alan 
245 1 0 |c Alan Crosbie; Đào Hương Lan (Dịch)  |a Kế thừa hay chuyển giao  |b Sự sống của doanh nghiệp gia đình 
260 # # |a Hà Nội  |b Lao động; Công ty Sách Bách Việt  |c 2017 
300 # # |a 272tr.  |c 21 cm. 
653 # # |a Quản trị doanh nghiệp 
653 # # |a bí quyết thành công 
653 # # |a công ty gia đình 
700 1 # |a Đào Hương Lan  |e (Dịch) 
852 # # |j KD.0024324 
910 |d 22/10/2018 
980 # # |a Trung tâm Học liệu Lê Vũ Hùng, Trường Đại học Đồng Tháp